Synagóga má nové dvere

Bibliographic Details
Format: Article
Language:Slovak
PhysicalDescription:Fotogr.
ISSN:1338-659X
Subjects:

MARC

LEADER 00000nab a2200000 a 4500
001 vtls010502927
003 SK-MaSNL
005 20260303090323.0
008 130410c20130307xo drz 0 0slo
038 |a KEVKJB 
040 |a KEVKJB  |b slo  |c KEVKJB  |e AACR2 
041 0 |a slo 
044 |a xo  |c SK 
080 |a 726.3  |2 2001 
245 0 0 |a Synagóga má nové dvere  |c [autor](sam) 
300 |b Fotogr. 
610 2 7 |a Židovská synagóga, Zvonárska ul. (Košice, Slovensko)  |2 kevkjb  |9 1097091 
650 0 7 |a synagógy  |z Košice (Slovensko)  |2 kevkjb  |9 873746 
651 7 |a Košice (Slovensko)  |2 kevkjb  |9 18694 
773 0 |t Korzár : denník Košického kraja  |g Roč. XVI., č. 56 (7.3.2013), s. 3  |x 1338-659X 
852 |a KEVKJB  |b KIS3GCP 
958 |a ZD 
999 |c 1802803  |d 1804733